000 00816dam0a22002771 4500
001 RU\NLR\INFOCOMM6\ROSSICA\1000352418
005 20250613190236.0
035 _a(NLR Aleph) 009905871
090 _a10594141
_c10594141
100 _a20030610d1806 |||y0rusy50 ca
101 0 _alat
102 _aRU
105 _ay ||||000ay
200 1 _aPharmacopoea navalis rossica edita ab Andr. Bacheracht
_fAndr. Bacheracht
_gPublié par J. Rogers
210 _aPetropoli
_d1806
215 _d
702 1 _4340
_7ba
_8rus
_aBacheracht
_bA. G.
_f1724-1806
_gAndrej Gavrilovič
_9240258
_3RU\NLR\AUTH\770240314
702 1 _aRogers
_bJ.
_4650
801 1 _aRU
_bInfoComm
_c20030610
801 0 _aRU
_bNLR
_gPSBO
852 _aNLR
_j13.2.5.18
942 _cBOOK
980 _aNB
980 _aRossica